Joueur qui ont participé à la finale de Ligue des champio - Statistiques

Statistiques générales
  • Ce quiz a été pris 51 fois
  • Le résultat moyen est 19 sur 30
Statistiques - réponses
Numéro Joueurs % Correct
7 Ronaldo
100%
9 Benzema
96%
8 Kroos
96%
19 Modric
93%
11 Bale
91%
12 Marcelo
91%
Entraîneur Zinedine Zidane
91%
1 Navas
89%
4 Ramos
89%
14 Casemiro
87%
7 Griezmann
82%
3 Pepe
82%
15 Carvajal
80%
6 Koke
76%
13 Oblak
76%
Entraîneur Diego Simeone
69%
2 Godin
67%
22 Isco
64%
17 Saùl Niguez
60%
9 Torres
49%
3 Filipe luis
47%
20 Juanfran
47%
14 Gabi
44%
21 Carrasco
42%
18 Vazquez
38%
15 Savic
33%
22 Thomas Partey
9%
19 Lucas Hernandez
7%
23 Danilo
4%
12 Fernandez
4%
Aucun quiz correspondant
Distribution des résultats
% des personnes avec chaque résultat
Percentile par nombre de réponses
Votre historique - résultats
Vous n’avez pas pris ce quiz